La ilusión constitucional: pueblo, patria, nación (Record no. 92610)

MARC details
000 -LEADER
campo de control de longitud fija 01189nam a2200277 i 4500
001 - NÚMERO DE CONTROL
campo de control 92610
003 - IDENTIFICADOR DE NÚMERO DE CONTROL
campo de control ES-MaACL
005 - FECHA Y HORA DE LA ÚLTIMA TRANSACCIÓN
campo de control 20250808230543.0
007 - CAMPO FIJO DE DESCRIPCIÓN FÍSICA--INFORMACIÓN GENERAL
campo de control de longitud fija t|
008 - DATOS DE LONGITUD FIJA--INFORMACIÓN GENERAL
campo de control de longitud fija 050407s2004 sp ||||1| spa d
020 ## - NÚMERO INTERNACIONAL ESTÁNDAR DEL LIBRO
Número Internacional Estándar del Libro 84-96274-23-3
080 ## - NÚMERO DE LA CLASIFICACIÓN DECIMAL UNIVERSAL
Número de la Clasificación Decimal Universal 342.1"17/18"(063)
080 ## - NÚMERO DE LA CLASIFICACIÓN DECIMAL UNIVERSAL
Número de la Clasificación Decimal Universal 316.644:323.1"17/18"(063)
080 ## - NÚMERO DE LA CLASIFICACIÓN DECIMAL UNIVERSAL
Número de la Clasificación Decimal Universal 342.4"17/18"(063)
245 03 - MENCIÓN DEL TÍTULO
Título La ilusión constitucional: pueblo, patria, nación
Resto del título : de la Ilustración al Romanticismo, Cádiz, América y Europa ante la modernidad : XI encuentro, Cádiz 8, 9 y 10 de mayo de 2002 /
Mención de responsabilidad, etc. coordinador y editor, Alberto Ramos Santana.
260 ## - PUBLICACIÓN, DISTRIBUCIÓN, ETC.
Lugar de publicación, distribución, etc. Cádiz :
Nombre del editor, distribuidor, etc. Universidad de Cádiz, Servicio de Publicaciones,
Fecha de publicación, distribución, etc. 2004.
300 ## - DESCRIPCIÓN FÍSICA
Extensión 278 p. ;
Dimensiones 24 cm.
500 ## - NOTA GENERAL
Nota general Trabajos presentados en el XI Encuentro de la Ilustración al Romanticismo.
504 ## - NOTA DE BIBLIOGRAFÍA, ETC.
Nota de bibliografía, etc. Incluye referencias bibliográficas.
650 ## - PUNTO DE ACCESO ADICIONAL DE MATERIA--TÉRMINO DE MATERIA
Término de materia o nombre geográfico como elemento de entrada Nación-
Subdivisión de forma Congresos y asambleas.
9 (RLIN) 15434
650 14 - PUNTO DE ACCESO ADICIONAL DE MATERIA--TÉRMINO DE MATERIA
Término de materia o nombre geográfico como elemento de entrada Derecho constitucional-
Subdivisión de forma Congresos y asambleas
9 (RLIN) 172032
700 1# - ENTRADA AGREGADA--NOMBRE PERSONAL
Nombre de persona Ramos Santana, Alberto.
9 (RLIN) 95357
711 2# - ENTRADA AGREGADA--NOMBRE DE REUNIÓN
Nombre de congreso/reunión o jurisdicción como elemento de entrada Encuentro de la Ilustración al Romanticismo (
Número del congreso/reunión o número de parte o sección 11º.
Fecha del congreso o de la firma del tratado 2002.
Sede del congreso/Lugar de la reunión Cádiz)
9 (RLIN) 619
852 ## - LOCALIZACIÓN
Ubicación ES-MaACL
Número de control de estantería L-29036
Sublocalización o colección R.135551
Holdings
Estatus retirado Estado de pérdida Estado de daño No para préstamo Biblioteca de origen Biblioteca actual Ubicación en estantería Fecha de adquisición Fuente de adquisición Total de préstamos Signatura topográfica completa Código de barras Visto por última vez Precio de reemplazo Tipo de ítem Koha
        Biblioteca del Ateneo de Madrid Biblioteca del Ateneo de Madrid Depósito 2 17/01/2008     L-29036 1096683 23/02/2023 23/02/2023 Libro impreso